Score 0/27 Timer 04:00
1 Play Today
% Correct
Dollar
99.3%
Fair
96.4%
Space
96.4%
Bonnie
95.9%
Arabia
95.8%
Clockwork
95.3%
Here
94.2%
Streetcar
93.8%
Doctor
93.7%
Grapes
93.5%
High
91.7%
Bridge
91.5%
River
88.9%
Moulin
85.5%
% Correct
Seasons
83.3%
Story
78.9%
Valley
77.6%
Waterfront
76.8%
African
75%
Letters
74.1%
Honor
73.8%
Little
71.5%
Worker
63.5%
Man
62.8%
Barry
59.3%
Agreement
55.2%
Restaurant
47.3%

Today's Daily Dose

Remove Ads.
Support Sporcle.
Get the best of Sporcle when you Go Orange. This ad-free experience offers more features, more stats, and more fun while also helping to support Sporcle. Thank you for becoming a member.

You're not logged in!

Compare scores with friends on all Sporcle quizzes.
OR
Log In

Show Comments

Extras

Top Quizzes Today


Score Distribution

Your Account Isn't Verified!

In order to create a playlist on Sporcle, you need to verify the email address you used during registration. Go to your Sporcle Settings to finish the process.

Report this User

Report this user for behavior that violates our Community Guidelines.

Details: